| 000 | 00595nam a22001817a 4500 | ||
|---|---|---|---|
| 999 |
_c183593 _d183593 |
||
| 005 | 20211229122701.0 | ||
| 010 | _aENG-130744 | ||
| 020 |
_a978-93-886-894-89 _c299.00 |
||
| 035 | _aEN-114276 | ||
| 037 | _bDBAD | ||
| 082 | _a320.55 | ||
| 100 | _aSharma, Jyotirmaya | ||
| 245 |
_aM.S. Golwalkar _cThe RSS and India/ _bJyotirmaya Sharma |
||
| 260 |
_aChennai _bPenguin Books _c2003 |
||
| 270 |
_a1st Floor, A Block, East Wing, Plot No. 40, SP Info City, Dr. MGR Salai, Perungudi, Kandanchavadi _bChennai _e600096 |
||
| 300 |
_a94p _c22cm(pbk) |
||
| 942 |
_2ddc _cEN _h320.55 _mSHA |
||